Normal view
MARC view
- Management -- Dictionaries-- Economics -- Dictionaries--Business -- Dictionaries
Entry Topical Term
001 - CONTROL NUMBER
- control field: 1232
003 - CONTROL NUMBER IDENTIFIER
- control field: JO-AjAnu
005 - DATE AND TIME OF LATEST TRANSACTION
- control field: 20230606070515.0
008 - FIXED-LENGTH DATA ELEMENTS
- fixed length control field: 230606|| aca||aabn | a|a d
040 ## - CATALOGING SOURCE
- Original cataloging agency: JO-AjAnu
- Transcribing agency: JO-AjAnu
150 ## - HEADING--TOPICAL TERM
- Topical term or geographic name entry element: Management -- Dictionaries-- Economics -- Dictionaries--Business -- Dictionaries
670 ## - SOURCE DATA FOUND
- Source citation: Work cat.: (JO-AjAnu)649: N.C. Jain, Dimple Goel , author 1231, Dictionary of Management